000 00362nam a2200157Ia 4500
008 230512s9999 xx 000 0 und d
041 _aeng
100 _aPATIL J & ETC
245 _a12th ANNUAL REPORT 2005-2006
250 _a1
260 _bNAAC BANGALORE
300 _a70
500 _aPaper Back
520 _aReference Copy
650 _aReference Book
999 _c407159
_d407159